| 000 | 00666nam a22002052 4500 | ||
|---|---|---|---|
| 001 | 0000008900 | ||
| 005 | 20151217152043.0 | ||
| 008 | 080616s xx 000 0 eng d | ||
| 020 |
_a0132330770 : _cKES 1035 |
||
| 040 |
_aKABU _cKABU |
||
| 100 | 1 |
_aGrauer, Robert T. _@0000159690 |
|
| 245 | 1 | 0 |
_aMicrosoft Office Excel 2007 v. 1 / _cRobert T. Grauer. |
| 260 |
_aUpper Saddle River, NJ. : _bPrentice-Hall, _c2008. |
||
| 300 | _axxiii, 312 p. | ||
| 650 | 0 |
_aMicrosoft Excel (Computer file) _@0000148315 |
|
| 650 | 0 |
_aBusiness _xComputer programs. _@0000151665 |
|
| 908 | _a080616 | ||
| 950 | _@1 | ||
| 999 |
_c7759 _d7759 |
||